| 000 | 01712nam a2200397 i 4500 | ||
|---|---|---|---|
| 001 | 89056 | ||
| 003 | ES-MaACL | ||
| 005 | 20250817143245.0 | ||
| 007 | t| | ||
| 008 | 050126s2004 sp ||||1| spa d | ||
| 020 | _a84-96145-17-4 | ||
| 080 | _a262.4(460.188) | ||
| 080 | _a093(460.188 S.)(091) | ||
| 080 | _a655.11(460.188 S.)(091) | ||
| 080 | _a27(460.188) | ||
| 110 | 2 |
_aSegovia (Diócesis). _bSínodo. _f1472. _96540 |
|
| 245 | 1 | 0 |
_aSinodal de Aguilafuente _b: primer libro impreso en España (Segovia, Juan Párix, c. 1472) / _cedición, Fermín de los Reyes Gómez ; transcripción, Susana Vilches y Pompeyo Martín ; prólogo, Silvia Clemente Municio ; preliminares Atilano Soto y Gonzalo Santonja. |
| 260 |
_a[Segovia] : _bInstituto Castellano y Leonés de la Lengua, _c[2004] |
||
| 300 |
_a154, [99] p. ; _c23 cm. |
||
| 490 | 1 |
_aLibros singulares ; _v1 |
|
| 500 | _aEn la port.: Junta de Castilla y León, Caja Segovia, Obra Social y Cultural. | ||
| 504 | _aBibliografía: p. 85-89. | ||
| 534 |
_pReprod. de la ed. de: _c-- Segovia : Juan Párix, ca. 1472. |
||
| 610 | 2 | 7 |
_aSegovia (Diócesis). _bSínodo. _f1472. _tSinodal de Aguilafuente. _96541 |
| 650 | 1 | 4 |
_aImprenta- _xSegovia _913614 |
| 651 | 4 |
_aSegovia (Diócesis)- _xHistoria eclesiástica- _yS.XV. _99373 |
|
| 700 | 1 |
_aReyes Gómez, Fermín de los. _996584 |
|
| 700 | 1 |
_aMartín Pérez, Pompeyo. _977607 |
|
| 700 | 1 |
_aClemente Municio, Silvia. _939207 |
|
| 700 | 1 |
_aSoto, Atilano. _9107478 |
|
| 700 | 1 |
_aSantonja, Gonzalo, _d1952- _9103451 |
|
| 700 | 1 |
_aVilches Crespo, Susana. _9154087 |
|
| 830 | 0 |
_aLibros singulares ; _v1 _9191853 |
|
| 852 |
_aES-MaACL _jL-28703 _bR.135015 |
||
| 999 |
_c89056 _d89056 |
||